000 00862nam a2200277 i 4500
001
003 OSt
005 20240412074307.0
007 ta
008 101215s1913 fr 000 0 spa d
040 _aDO-SdBNP
_bspa
_cBNPHU
_erda
082 4 _aRD863.4
_bC422s, 1913
_222
100 1 _aCestero, Tulio M.,
_q(Tulio Manuel),
_d1877-1955
_eautor
_91698
245 1 3 _aLa sangre :
_buna vida bajo la tiranía /
_cTulio Manuel Cestero.
264 _aParís :
_bPaul Olfendorff,
_c1913.
300 _a263 páginas ;
_c19 cm.
336 _2rdacontent
_atexto
_btxt
337 _2rdamedia
_asin mediación
_bn
338 _2rdacarrier
_avolumen
_bnc
590 _aInventariado, 2020/ VM
650 4 _aNovela histórica dominicana.
_9860
650 0 _aLiteratura dominicana.
_967
910 _a Validado. Control de calidad MFF
942 _2ddc
_cLBS1
956 _aVMateo
999 _c48952
_d48952